[Event "POL-ch rapid"]
[Site "Zgierz"]
[Date "2018.03.04"]
[Round "1"]
[White "Tomczak, Jacek"]
[Black "Filewicz, Radoslaw"]
[Result "1-0"]
[WhiteElo "2583"]
[BlackElo "1903"]
[PlyCount "33"]
[EventDate "2018.03.04"]
[EventType "swiss (rapid)"]
[EventRounds "9"]
[EventCountry "POL"]
[SourceTitle "CBM 183 Extra"]
[Source "ChessBase"]
[SourceDate "2018.04.19"]
[SourceVersion "1"]
[SourceVersionDate "2018.04.19"]
[SourceQuality "1"]

1. e4 c5 2. Nf3 e6 3. d4 cxd4 4. Nxd4 a6 5. Be2 Qc7 6. c4 Nf6 7. Nc3 b6 8. 0-0 Bb7 9. f3 d6 10. Be3 Nbd7 11. Qe1 Be7 12. Qg3 0-0 13. Nd5 Nxd5 14. cxd5 e5 15. Nf5 Bf6 16. Rac1 Qb8 17. Nxg7 1-0

[Event "Bialystok Zamenhof Memorial-C 35th"]
[Site "Bialystok"]
[Date "2017.12.31"]
[Round "9.1"]
[White "Darowicki, Mariusz"]
[Black "Filewicz, Radoslaw"]
[Result "0-1"]
[WhiteElo "1995"]
[BlackElo "1821"]
[PlyCount "29"]
[EventDate "2017.12.27"]
[EventType "swiss"]
[EventRounds "9"]
[EventCountry "POL"]
[SourceTitle "EXT 2023"]
[Source "ChessBase"]
[SourceDate "2022.10.05"]
[SourceVersion "1"]
[SourceVersionDate "2022.10.05"]
[SourceQuality "1"]

1. e4 d5 2. exd5 Qxd5 3. Nc3 Qd8 4. d4 Nf6 5. Bc4 c6 6. Be3 Nbd7 7. Nf3 Nb6 8. Bb3 Nbd5 9. Ne5 e6 10. Bg5 Bb4 11. Bd2 Nxc3 12. bxc3 Ba5 13. 0-0 0-0 14. Qf3 Nd5 15. Rad1 0-1

[Event "Bialystok Zamenhof Memorial-C 35th"]
[Site "Bialystok"]
[Date "2017.12.28"]
[Round "4.8"]
[White "Filewicz, Radoslaw"]
[Black "Zianowicz, Dominik"]
[Result "0-1"]
[WhiteElo "1821"]
[BlackElo "1902"]
[PlyCount "56"]
[EventDate "2017.12.27"]
[EventType "swiss"]
[EventRounds "9"]
[EventCountry "POL"]
[SourceTitle "EXT 2023"]
[Source "ChessBase"]
[SourceDate "2022.10.05"]
[SourceVersion "1"]
[SourceVersionDate "2022.10.05"]
[SourceQuality "1"]

1. d4 Nf6 2. Nf3 e6 3. g3 d5 4. c4 c5 5. cxd5 Nxd5 6. Bg2 Nc6 7. 0-0 Nf6 8. dxc5 Qxd1 9. Rxd1 Bxc5 10. Nc3 a6 11. Bf4 0-0 12. h3 Bd7 13. Ne5 Rfd8 14. Nc4 Be8 15. Nd6 Bxd6 16. Bxd6 g5 17. e4 e5 18. Na4 Nd4 19. Bxe5 Ne2+ 20. Kf1 Rxd1+ 21. Rxd1 Bxa4 22. Rd2 Nd7 23. Bd6 Nc1 24. b3 Bb5+ 25. Kg1 Rc8 26. a4 Nxb3 27. Rd5 Bxa4 28. Rxg5+ Kh8 0-1

[Event "Bialystok Zamenhof Memorial-C 35th"]
[Site "Bialystok"]
[Date "2017.12.27"]
[Round "2.3"]
[White "Filewicz, Radoslaw"]
[Black "Pytel, Maciej"]
[Result "1-0"]
[WhiteElo "1821"]
[BlackElo "1980"]
[PlyCount "63"]
[EventDate "2017.12.27"]
[EventType "swiss"]
[EventRounds "9"]
[EventCountry "POL"]
[SourceTitle "EXT 2023"]
[Source "ChessBase"]
[SourceDate "2022.10.05"]
[SourceVersion "1"]
[SourceVersionDate "2022.10.05"]
[SourceQuality "1"]

1. d4 Nf6 2. Nf3 e6 3. Bf4 b6 4. e3 Bb7 5. Nbd2 d5 6. h3 Bd6 7. Bxd6 cxd6 8. Bd3 Nbd7 9. c4 dxc4 10. Nxc4 Qe7 11. Rc1 0-0 12. 0-0 e5 13. Be2 e4 14. Nfd2 h6 15. Qb3 Rac8 16. Qa3 Rc6 17. Qxa7 Rb8 18. Na3 Qd8 19. Qa4 Rbc8 20. Rxc6 Bxc6 21. Qb4 d5 22. Rc1 Bb7 23. Rc3 Nf8 24. Nb5 Rxc3 25. Qxc3 Ne6 26. Nb1 Nh7 27. Qb4 Ba6 28. N1c3 f5 29. Qd6 Qxd6 30. Nxd6 Bxe2 31. Nxe2 g6 32. Nc8 1-0

[Event "POL-ch U16"]
[Site "Szklarska Poreba"]
[Date "2016.03.16"]
[Round "5"]
[White "Filewicz, Radoslaw"]
[Black "Bilczewski, Kacper"]
[Result "0-1"]
[WhiteElo "1739"]
[BlackElo "2046"]
[PlyCount "44"]
[EventDate "2016.03.13"]
[EventType "swiss"]
[EventRounds "9"]
[EventCountry "POL"]
[SourceTitle "EXT 2018"]
[Source "ChessBase"]
[SourceDate "2017.10.13"]
[SourceVersion "1"]
[SourceVersionDate "2017.10.13"]
[SourceQuality "1"]

1. d4 d6 2. Nf3 Nd7 3. g3 Ngf6 4. Bg2 g6 5. Nbd2 Bg7 6. c3 0-0 7. 0-0 e5 8. dxe5 dxe5 9. Qc2 Qe7 10. e4 b6 11. a4 Ba6 12. Re1 Nc5 13. Bf1 Bxf1 14. Rxf1 Rfd8 15. b4 Nd3 16. Ba3 c5 17. b5 Qe6 18. Rad1 Qg4 19. Nh4 Qe2 20. f3 Bh6 21. Ng2 Rd7 22. Qa2 Rad8 0-1

[Event "POL-ch U16"]
[Site "Szklarska Poreba"]
[Date "2016.03.15"]
[Round "3"]
[White "Filewicz, Radoslaw"]
[Black "Slomczewski, Michal"]
[Result "1/2-1/2"]
[WhiteElo "1739"]
[BlackElo "1887"]
[PlyCount "98"]
[EventDate "2016.03.13"]
[EventType "swiss"]
[EventRounds "9"]
[EventCountry "POL"]
[SourceTitle "EXT 2018"]
[Source "ChessBase"]
[SourceDate "2017.10.13"]
[SourceVersion "1"]
[SourceVersionDate "2017.10.13"]
[SourceQuality "1"]

1. d4 c5 2. c3 d5 3. Nf3 e6 4. Bf4 Nc6 5. e3 Bd6 6. Bg3 b6 7. Bd3 Qc7 8. Qa4 Bd7 9. Qc2 f5 10. Na3 a6 11. Qe2 c4 12. Bxd6 Qxd6 13. Bc2 Nf6 14. 0-0 0-0 15. Nb1 b5 16. Nbd2 a5 17. a3 Rae8 18. Rad1 Re7 19. Rfe1 Be8 20. Nf1 Bh5 21. Ng3 Bxf3 22. Qxf3 b4 23. axb4 axb4 24. Ra1 b3 25. Bd1 Ree8 26. Be2 Ra8 27. Rec1 g5 28. Bd1 Qc7 29. Qe2 Ra7 30. Rxa7 Qxa7 31. Nh5 Qa2 32. Nxf6+ Rxf6 33. f3 e5 34. Qd2 exd4 35. exd4 f4 36. g3 Ne7 37. Qe2 Kf7 38. gxf4 gxf4 39. Kh1 Nf5 40. Qd2 Ne3 41. Be2 Rg6 42. Bf1 Rg5 43. Bh3 h6 44. Re1 Qa6 45. Bg4 h5 46. h4 Rg7 47. Bxh5+ Kf8 48. Qh2 Qf6 49. Ra1 Kg8 1/2-1/2

[Event "POL-chT U19 46th"]
[Site "Ustron"]
[Date "2015.07.28"]
[Round "4.28"]
[White "Filewicz, Radoslaw"]
[Black "Pacan Milej, Kosma"]
[Result "1/2-1/2"]
[WhiteElo "1773"]
[BlackElo "1851"]
[PlyCount "80"]
[EventDate "2015.07.25"]
[EventType "team-tourn"]
[EventRounds "9"]
[EventCountry "POL"]
[SourceTitle "EXT 2018"]
[Source "ChessBase"]
[SourceDate "2017.10.13"]
[SourceVersion "1"]
[SourceVersionDate "2017.10.13"]
[SourceQuality "1"]
[WhiteTeam "Bialystok MUKS Stoczek 45 U19"]
[BlackTeam "Warszawa Gulermak Polonia U19"]
[WhiteTeamCountry "POL"]
[BlackTeamCountry "POL"]

1. d4 Nf6 2. Nf3 e6 3. g3 d5 4. Bg2 Be7 5. 0-0 0-0 6. c4 dxc4 7. Ne5 c5 8. dxc5 Qc7 9. Nxc4 Qxc5 10. Qb3 Nc6 11. Be3 Qh5 12. Nbd2 Ng4 13. Nf3 Nxe3 14. Nxe3 a5 15. a3 a4 16. Qc2 Qg6 17. Rac1 Qxc2 18. Rxc2 Ra5 19. Nc4 Rb5 20. Rd1 e5 21. e4 Be6 22. Bf1 Rc5 23. h3 Rc8 24. Ne3 Rxc2 25. Nxc2 Bb3 26. Rd2 Rd8 27. Rxd8+ Bxd8 28. Ne3 Bb6 29. Nd5 Bc5 30. Bb5 Nd4 31. Nxd4 Bxd4 32. Nc3 Kf8 33. Kf1 Ke7 34. Bxa4 Bxc3 35. Bxb3 Bxb2 36. Bd5 Bxa3 37. Bxb7 Bc5 38. Ke2 Kd6 39. Bd5 f6 40. Bg8 h6 1/2-1/2

[Event "POL-chT U19 46th"]
[Site "Ustron"]
[Date "2015.07.27"]
[Round "3.10"]
[White "Lis, Mateusz"]
[Black "Filewicz, Radoslaw"]
[Result "1-0"]
[WhiteElo "1839"]
[BlackElo "1773"]
[PlyCount "73"]
[EventDate "2015.07.25"]
[EventType "team-tourn"]
[EventRounds "9"]
[EventCountry "POL"]
[SourceTitle "EXT 2018"]
[Source "ChessBase"]
[SourceDate "2017.10.13"]
[SourceVersion "1"]
[SourceVersionDate "2017.10.13"]
[SourceQuality "1"]
[WhiteTeam "Katowice Hetman Szopienice U19"]
[BlackTeam "Bialystok MUKS Stoczek 45 U19"]
[WhiteTeamCountry "POL"]
[BlackTeamCountry "POL"]

1. e4 d5 2. exd5 Qxd5 3. Nc3 Qd8 4. d4 Nf6 5. Nf3 Bg4 6. h3 Bxf3 7. Qxf3 c6 8. Be3 e6 9. 0-0-0 Be7 10. Kb1 Nd5 11. Ne4 Nd7 12. g4 N7f6 13. Nxf6+ Bxf6 14. Bc1 Nb6 15. Rg1 h6 16. Qe2 Qe7 17. f4 g5 18. Bg2 0-0-0 19. c3 Nd5 20. fxg5 Bxg5 21. Bxg5 hxg5 22. Bxd5 cxd5 23. Qf3 Rh6 24. Rgf1 Rd7 25. Rde1 Qf8 26. Re5 Qg7 27. Qe3 Rg6 28. Rc1 Kb8 29. Qg3 Ka8 30. c4 dxc4 31. Rxc4 Rd8 32. Rec5 Qf8 33. Qc3 Rg8 34. Rc7 f5 35. Rxb7 Kxb7 36. Rc7+ Kb8 37. Qa5 1-0

[Event "POL-chT U19 46th"]
[Site "Ustron"]
[Date "2015.07.26"]
[Round "2.22"]
[White "Filewicz, Radoslaw"]
[Black "Wikar, Rafal"]
[Result "1/2-1/2"]
[WhiteElo "1773"]
[BlackElo "1417"]
[PlyCount "139"]
[EventDate "2015.07.25"]
[EventType "team-tourn"]
[EventRounds "9"]
[EventCountry "POL"]
[SourceTitle "EXT 2018"]
[Source "ChessBase"]
[SourceDate "2017.10.13"]
[SourceVersion "1"]
[SourceVersionDate "2017.10.13"]
[SourceQuality "1"]
[WhiteTeam "Bialystok MUKS Stoczek 45 U19"]
[BlackTeam "Trzebinia UKS Hetman Koronny U19 II"]
[WhiteTeamCountry "POL"]
[BlackTeamCountry "POL"]

1. d4 d5 2. Nf3 e6 3. c4 Nf6 4. Nc3 Be7 5. cxd5 exd5 6. Bf4 c6 7. e3 0-0 8. Qc2 g6 9. Bd3 Nbd7 10. 0-0 Nh5 11. Bg3 Ng7 12. a3 Nf6 13. b4 a6 14. Rfb1 Bd7 15. a4 Ne6 16. Qb3 Nh5 17. b5 axb5 18. axb5 Nxg3 19. hxg3 Qc7 20. Ne5 f6 21. Nxd7 Qxd7 22. Na4 Qc7 23. Rc1 Qd6 24. bxc6 bxc6 25. Qb7 Rac8 26. Rc3 Rc7 27. Qb3 Ra8 28. Rac1 Nd8 29. Nc5 Rca7 30. Qb6 Ra1 31. Ba6 Rb8 32. Bb7 Rxc1+ 33. Rxc1 Nxb7 34. Nxb7 Qd7 35. Nc5 Qe8 36. Qa7 Bxc5 37. Qxc5 Rc8 38. Rb1 Qd7 39. Rb6 Qc7 40. Qb4 Qd7 41. Qa5 Qc7 42. Qa6 Qd7 43. Rb7 Rc7 44. Rb8+ Kg7 45. Qa3 Qf7 46. Qa8 g5 47. Rd8 Rb7 48. Rg8+ Kh6 49. g4 Qe7 50. Qf8+ Qxf8 51. Rxf8 Kg7 52. Rc8 Rb6 53. Rc7+ Kg8 54. Kh2 h6 55. Kg3 Ra6 56. Re7 Rb6 57. Rc7 Ra6 58. Rd7 Rb6 59. Ra7 Rb3 60. Ra6 Rc3 61. Kf3 Kf7 62. Rb6 Kg7 63. Rb7+ Kg8 64. Rc7 Rc2 65. Rc8+ Kg7 66. Rd8 Kf7 67. Ra8 Rc3 68. Ke2 Rc2+ 69. Kf3 Rc3 70. Ra2 1/2-1/2

[Event "Bialystok-ch"]
[Site "Bialystok"]
[Date "2015.??.??"]
[Round "4"]
[White "Dolata, Marcin"]
[Black "Filewicz, Radoslaw"]
[Result "0-1"]
[WhiteElo "1382"]
[BlackElo "1732"]
[PlyCount "82"]
[EventDate "2015.05.01"]
[EventType "swiss"]
[EventRounds "9"]
[EventCountry "POL"]
[SourceTitle "CBM 166 Extra"]
[Source "ChessBase"]
[SourceDate "2015.06.18"]
[SourceVersion "1"]
[SourceVersionDate "2015.06.18"]
[SourceQuality "1"]

1. e4 c5 2. Nf3 e6 3. d4 cxd4 4. Nxd4 Nf6 5. Bd3 a6 6. Nc3 d6 7. 0-0 Be7 8. Be3 b5 9. a3 Bb7 10. f3 Nbd7 11. Qd2 0-0 12. Rfd1 Qc7 13. Rac1 Rac8 14. Kh1 Rfd8 15. Nce2 Nb6 16. c3 Nfd7 17. Qc2 Ne5 18. Ng3 Nec4 19. Bxc4 Nxc4 20. Qe2 h6 21. Rb1 Bf8 22. Nb3 g6 23. Nd2 Nxe3 24. Qxe3 Bg7 25. Nb3 d5 26. exd5 Bxd5 27. Nd4 e5 28. Nde2 f5 29. Qf2 Kh7 30. Rd2 Bc4 31. Rbd1 Bb3 32. Rxd8 Rxd8 33. Rxd8 Qxd8 34. Nc1 Bc4 35. Qe1 Qd5 36. h3 h5 37. Kh2 Bh6 38. Kh1 Bg5 39. Kh2 Bf4 40. Nce2 Bxe2 41. Qxe2 h4 0-1

[Event "Bialystok-ch"]
[Site "Bialystok"]
[Date "2015.??.??"]
[Round "9"]
[White "Olhovik, Andrei"]
[Black "Filewicz, Radoslaw"]
[Result "1/2-1/2"]
[WhiteElo "2308"]
[BlackElo "1732"]
[PlyCount "23"]
[EventDate "2015.05.01"]
[EventType "swiss"]
[EventRounds "9"]
[EventCountry "POL"]
[SourceTitle "CBM 166 Extra"]
[Source "ChessBase"]
[SourceDate "2015.06.18"]
[SourceVersion "1"]
[SourceVersionDate "2015.06.18"]
[SourceQuality "1"]

1. d4 Nf6 2. c4 e6 3. Nf3 b6 4. g3 Bb7 5. Bg2 Be7 6. 0-0 d6 7. Nc3 0-0 8. Qc2 Nbd7 9. Rd1 Qc8 10. b3 Rd8 11. Bb2 a6 12. Rac1 1/2-1/2

[Event "POL Olympiad U14"]
[Site "Spala"]
[Date "2014.12.30"]
[Round "8.15"]
[White "Filewicz, Radoslaw"]
[Black "Szustakowski, Antoni"]
[Result "1/2-1/2"]
[WhiteElo "1508"]
[BlackElo "1621"]
[PlyCount "87"]
[EventDate "2014.04.06"]
[EventType "swiss"]
[EventRounds "9"]
[EventCountry "POL"]
[SourceTitle "EXT 2023"]
[Source "ChessBase"]
[SourceDate "2022.10.05"]
[SourceVersion "1"]
[SourceVersionDate "2022.10.05"]
[SourceQuality "1"]

1. d4 Nf6 2. Nf3 g6 3. g3 Bg7 4. Bg2 0-0 5. 0-0 d6 6. Re1 c5 7. c3 Nbd7 8. Nbd2 Re8 9. e4 e5 10. dxe5 dxe5 11. Nc4 Qc7 12. Nd6 Rf8 13. Nxc8 Raxc8 14. Qc2 Rfd8 15. Be3 a6 16. h3 c4 17. Rad1 b5 18. a4 Nc5 19. Bxc5 Qxc5 20. axb5 axb5 21. Nd2 Rd3 22. Nf1 Rxd1 23. Rxd1 Ra8 24. Ne3 Rc8 25. Nd5 Rd8 26. Nb4 Qc7 27. Qe2 Rxd1+ 28. Qxd1 Qd7 29. Qc2 Bf8 30. Nd5 Nxd5 31. exd5 Bc5 32. b3 cxb3 33. Qxb3 Qb7 34. h4 Qb6 35. Qb2 Bd6 36. Bf3 b4 37. Kg2 Qc5 38. cxb4 Qxb4 39. Qc1 Qc5 40. Qd1 Qd4 41. Qb1 Bc5 42. Qc2 Bd6 43. Qd1 Bc5 44. Qc2 1/2-1/2

[Event "Bialystok Spring qual"]
[Site "Bialystok"]
[Date "2014.??.??"]
[Round "5"]
[White "Burakowska, Gabriela"]
[Black "Filewicz, Radoslaw"]
[Result "1-0"]
[WhiteElo "1812"]
[BlackElo "1541"]
[PlyCount "69"]
[EventDate "2014.04.??"]
[EventType "swiss"]
[EventRounds "9"]
[EventCountry "POL"]
[SourceTitle "EXT 2016"]
[Source "ChessBase"]
[SourceDate "2015.10.08"]
[SourceVersion "1"]
[SourceVersionDate "2015.10.08"]
[SourceQuality "1"]

1. d4 d5 2. Nf3 Nf6 3. Bf4 Bf5 4. e3 e6 5. Bd3 Bg6 6. Ne5 Bxd3 7. Qxd3 Bd6 8. Nd2 c6 9. 0-0 Nh5 10. Bg3 Nxg3 11. hxg3 0-0 12. f4 f6 13. Nef3 Nd7 14. c4 Qe7 15. Qb3 Rab8 16. Rac1 Kh8 17. Rce1 f5 18. Kf2 Nf6 19. Rh1 Kg8 20. cxd5 exd5 21. Ne5 Bb4 22. Re2 Bxd2 23. Rxd2 Ne4+ 24. Ke1 Nxd2 25. Kxd2 Qd6 26. Ke2 Rfd8 27. Qd3 g6 28. g4 fxg4 29. f5 Kg7 30. fxg6 h6 31. Rxh6 Rh8 32. Rxh8 Rxh8 33. Qf5 Rf8 34. Qxg4 Qf6 35. Qd7+ 1-0

[Event "Bialystok-ch"]
[Site "Bialystok"]
[Date "2014.??.??"]
[Round "3"]
[White "Filewicz, Radoslaw"]
[Black "Kaminski, Maciej"]
[Result "1/2-1/2"]
[WhiteElo "1684"]
[BlackElo "1560"]
[PlyCount "77"]
[EventDate "2014.11.08"]
[EventType "swiss"]
[EventRounds "7"]
[EventCountry "POL"]
[SourceTitle "CBM 163 Extra"]
[Source "ChessBase"]
[SourceDate "2014.12.23"]
[SourceVersion "1"]
[SourceVersionDate "2014.12.23"]
[SourceQuality "1"]

1. d4 Nf6 2. Nf3 e6 3. Bg5 c5 4. c3 Nc6 5. e3 Qb6 6. Qb3 Be7 7. Nbd2 d6 8. Bxf6 Qxb3 9. axb3 Bxf6 10. dxc5 dxc5 11. Nc4 0-0 12. Bd3 Rd8 13. Ke2 Rb8 14. Na5 Ne7 15. e4 Ng6 16. g3 a6 17. h4 Ne5 18. Nxe5 Bxe5 19. Nc4 Bc7 20. Rhd1 b5 21. Ne3 Bb7 22. Bc2 Kf8 23. h5 h6 24. Ng4 Ke7 25. e5 Rxd1 26. Rxd1 Rd8 27. Rxd8 Kxd8 28. f4 Kd7 29. Nf2 Bb6 30. c4 Ke7 31. Be4 Bxe4 32. Nxe4 f6 33. Nd6 fxe5 34. Nc8+ Kd7 35. Nxb6+ Kc7 36. Na8+ Kb7 37. fxe5 Kxa8 38. Kd3 Kb7 39. Kc3 1/2-1/2

[Event "Bialystok Spring qual"]
[Site "Bialystok"]
[Date "2014.??.??"]
[Round "6"]
[White "Filewicz, Radoslaw"]
[Black "Rudnik, Anna"]
[Result "0-1"]
[WhiteElo "1541"]
[BlackElo "1739"]
[PlyCount "208"]
[EventDate "2014.04.??"]
[EventType "swiss"]
[EventRounds "9"]
[EventCountry "POL"]
[SourceTitle "EXT 2016"]
[Source "ChessBase"]
[SourceDate "2015.10.08"]
[SourceVersion "1"]
[SourceVersionDate "2015.10.08"]
[SourceQuality "1"]

1. d4 Nf6 2. c4 e6 3. a3 b6 4. Nc3 Bb7 5. Nf3 Be7 6. g3 0-0 7. Bg2 d6 8. 0-0 Nbd7 9. Re1 Ne4 10. Qc2 Nxc3 11. Qxc3 Be4 12. b3 f5 13. Bb2 Bf6 14. Qd2 Qe7 15. Rad1 Rad8 16. Qc1 h6 17. Nd2 Bxg2 18. Kxg2 e5 19. e3 Qf7 20. f4 e4 21. Nb1 Qh5 22. Rf1 a6 23. Nc3 Rde8 24. Nd5 Bd8 25. Qc2 Re6 26. Rf2 Qg6 27. Rg1 h5 28. Kf1 Qg4 29. Qe2 Qh3+ 30. Ke1 a5 31. Nc3 Nf6 32. Qf1 Qg4 33. h3 Qg6 34. Kd1 Ree8 35. Kc1 Qf7 36. Qd1 Be7 37. Qc2 Rc8 38. Rfg2 c6 39. Kb1 d5 40. Nd1 c5 41. dxc5 Rxc5 42. Bd4 Rc6 43. Nf2 Rfc8 44. g4 fxg4 45. hxg4 h4 46. g5 Nh5 47. Ng4 Qe6 48. Ne5 R6c7 49. Kb2 Ng3 50. cxd5 Qxd5 51. Nc4 Bc5 52. Be5 Re7 53. Rd2 Qe6 54. Rgd1 Nf5 55. Rd8+ Re8 56. Rxe8+ Qxe8 57. Qd2 Qe6 58. a4 Nxe3 59. Qd7 Qxd7 60. Rxd7 Nf5 61. Rd1 e3 62. Kc2 Bb4 63. Rh1 Kf7 64. Bc3 Bxc3 65. Kxc3 Ke6 66. Re1 h3 67. Re2 Kd5 68. Kd3 Kc5 69. Kc3 Rh8 70. Rh2 Ng3 71. Nxe3 Rh4 72. Nc4 Nf1 73. Rh1 h2 74. Rxf1 Rh3+ 75. Kc2 h1Q 76. Rxh1 Rxh1 77. Ne3 g6 78. Kc3 Rh3 79. Kd2 Kd4 80. Nc4 Rxb3 81. Ne5 Rb2+ 82. Kc1 Rf2 83. Nxg6 Ke4 84. Kb1 Rd2 85. Kc1 Ra2 86. Ne7 Kxf4 87. Nd5+ Kxg5 88. Nxb6 Kf4 89. Kb1 Rh2 90. Nc4 Rh5 91. Kb2 Ke4 92. Kc3 Rc5 93. Kb3 Kd4 94. Na3 Rc3+ 95. Kb2 Rh3 96. Nb5+ Kc4 97. Nc7 Kb4 98. Nd5+ Kxa4 99. Nc3+ Kb4 100. Nd5+ Kc5 101. Nc3 Kc4 102. Ne4 Kb4 103. Nf6 Rh2+ 104. Ka1 Kb3 0-1

[Event "Bialystok Spring op"]
[Site "Bialystok"]
[Date "2013.05.02"]
[Round "4"]
[White "Kaminski, Maciej"]
[Black "Filewicz, Radoslaw"]
[Result "0-1"]
[WhiteElo "1312"]
[BlackElo "1326"]
[PlyCount "142"]
[EventDate "2013.05.01"]
[EventType "swiss"]
[EventRounds "9"]
[EventCountry "POL"]
[SourceTitle "EXT 2018"]
[Source "ChessBase"]
[SourceDate "2017.10.13"]
[SourceVersion "1"]
[SourceVersionDate "2017.10.13"]
[SourceQuality "1"]

1. e4 c5 2. Nf3 e6 3. d4 cxd4 4. Nxd4 a6 5. Nc3 b5 6. Be3 Bb7 7. Be2 d6 8. 0-0 Nf6 9. Bd3 Be7 10. f4 b4 11. e5 bxc3 12. exf6 Bxf6 13. bxc3 Qc7 14. Qe1 Nd7 15. Bd2 0-0 16. Rb1 Nc5 17. Qg3 Ne4 18. Bxe4 Bxe4 19. Rfc1 Rab8 20. Rxb8 Rxb8 21. Qe3 Bd5 22. Nb3 Rc8 23. Qd3 a5 24. Qb5 Bxc3 25. Bxc3 Qxc3 26. Qxa5 Qe3+ 27. Kh1 Bxb3 28. Re1 Qxf4 29. cxb3 h6 30. h3 Rc2 31. a3 Qg3 32. Qa8+ Kh7 33. Qe4+ Qg6 34. Qxg6+ Kxg6 35. Rb1 Ra2 36. a4 d5 37. Kg1 d4 38. Kf1 e5 39. Re1 Kf5 40. Rb1 d3 41. b4 Rxa4 42. b5 Ra7 43. b6 Rb7 44. Kf2 Ke4 45. Rb4+ Kd5 46. Ke3 Kc6 47. Kxd3 Rxb6 48. Rc4+ Kd5 49. Rc3 Rc6 50. Rb3 f5 51. Ke3 g5 52. g3 f4+ 53. gxf4 gxf4+ 54. Kf3 Kd4 55. Rb4+ Rc4 56. Rb6 h5 57. Rd6+ Kc5 58. Rh6 Rc3+ 59. Kg2 Rg3+ 60. Kh2 Rg5 61. Rf6 Kd4 62. Ra6 e4 63. Ra4+ Ke3 64. Ra3+ Kf2 65. Ra2+ Kf3 66. Ra1 e3 67. Rf1+ Ke4 68. Ra1 e2 69. Ra4+ Ke3 70. Ra3+ Kf2 71. Ra4 Rg2+ 0-1

[Event "Bialystok Spring op"]
[Site "Bialystok"]
[Date "2013.05.01"]
[Round "2"]
[White "Niesteruk, Mikolaj"]
[Black "Filewicz, Radoslaw"]
[Result "0-1"]
[WhiteElo "1832"]
[BlackElo "1326"]
[PlyCount "52"]
[EventDate "2013.05.01"]
[EventType "swiss"]
[EventRounds "9"]
[EventCountry "POL"]
[SourceTitle "EXT 2018"]
[Source "ChessBase"]
[SourceDate "2017.10.13"]
[SourceVersion "1"]
[SourceVersionDate "2017.10.13"]
[SourceQuality "1"]

1. d4 Nf6 2. Nf3 d5 3. Bg5 Nbd7 4. e3 g6 5. Nbd2 Bg7 6. Bd3 0-0 7. c3 c5 8. h4 Qb6 9. Qc1 c4 10. Bc2 h5 11. e4 Nxe4 12. Nxe4 dxe4 13. Nd2 Qe6 14. Be3 Nf6 15. b3 Qg4 16. g3 Nd5 17. Bd1 Qe6 18. Nxc4 b5 19. Na5 b4 20. cxb4 Nxb4 21. Be2 Qd5 22. Nc4 Nd3+ 23. Bxd3 exd3 24. Rg1 Bxd4 25. Rb1 Qf3 26. Qd1 Bc3+ 0-1